00469nam a22001697a 450000500170000001000150001702000110003203500130004303700130005608200100006910000160007924500720009526000390016727000530020630000210025970000190028020130830122559.0 aENG-108358 c200.00 aEN-91891 bDBAD/PUB a610.3 aYadav, M.S. aSupreme dictionary of medical /cby M.S. Yadav [and] Devendra Singh aDelhibKalra Publicationsc2010-11 a2619-20/3, New Market, Nai Sarak,bDelhie110006 a252p. c22cm(Hb) aDevendra Singh